Welcome to CU Library Online Public Access Catalogue (OPAC)

The Writer's World: (Record no. 9563)

MARC details
000 -LEADER
fixed length control field 00447nam a22001577a 4500
005 - DATE AND TIME OF LATEST TRANSACTION
control field 20260422181923.0
008 - FIXED-LENGTH DATA ELEMENTS--GENERAL INFORMATION
fixed length control field 260422b |||||||| |||| 00| 0 eng d
020 ## - INTERNATIONAL STANDARD BOOK NUMBER
International Standard Book Number 0205781772
020 ## - INTERNATIONAL STANDARD BOOK NUMBER
International Standard Book Number 9780205781775
050 ## - LIBRARY OF CONGRESS CALL NUMBER
Classification number PE1439
Item number .G254 GAE
100 ## - MAIN ENTRY--PERSONAL NAME
Personal name Gaetz Lynne
245 ## - TITLE STATEMENT
Title The Writer's World:
Remainder of title Paragraphs and Essays/
Statement of responsibility, etc. Lynne Gaetz & Suneet Phadke
250 ## - EDITION STATEMENT
Edition statement 3rd Ed.
260 ## - PUBLICATION, DISTRIBUTION, ETC.
Place of publication, distribution, etc. Boston
Name of publisher, distributor, etc. Prentice Hall
Date of publication, distribution, etc. 2011
942 ## - ADDED ENTRY ELEMENTS (KOHA)
Source of classification or shelving scheme Library of Congress Classification
Koha item type Books
Edition 3rd Ed.
Suppress in OPAC No
999 ## -
-- 9563
-- 9563
Holdings
Withdrawn status Lost status Source of classification or shelving scheme Damaged status Not for loan Collection Home library Current library Shelving location Date acquired Total checkouts Full call number Barcode Date last seen Copy number Price effective from Koha item type
    Library of Congress Classification     Non-fiction Business Library (Miotso) Business Library (Miotso) General stacks 03/27/2026   PE1439 .G254 GAE BSSM00003484 04/22/2026 1 03/27/2026 Books
© 2023-2024 Copyright: Central University Libraries. All Rights Reserved | Created by: Mahone Tech Office